00418nam a2200133 a 450000500170000000800410001702000180005805000240007624500600010026000470016030000100020744000400021765000270025720140412111312.0000830s19uu xx 00 eng d a0-8094-7334-8 aTR(GS 030bC54 1996 aA Child's first library of learning :bactivity book 1. aHong Kong :bTime Life Books, Asia,c1996. a24 p. aA Child's First Library of Learning aScience, activity book